Pick the Capital: Europe Quiz Stats

Quiz Updated Mar 7, 2017

Challenge
Share
Tweet
Embed
Score 0/47 Timer 03:00
6 Plays Today
Question Answer Wrong Answers
What is the capital of France? Paris
93.6%
Marseille
0.2%
Toulouse
0.1%
Lyon
0.2%
What is the capital of Greece? Athens
93.6%
Thessaloniki
0.2%
Heraklion
0.1%
Patras
0.1%
What is the capital of the United Kingdom? London
93.6%
Glasgow
0.2%
Manchester
0.2%
Birmingham
0.1%
What is the capital of Denmark? Copenhagen
93.3%
Odense
0.3%
Aalborg
0.2%
Aarhus
0.2%
What is the capital of Hungary? Budapest
93.1%
Debrecen
0.3%
Miskolc
0.3%
Szeged
0.2%
What is the capital of Norway? Oslo
92.9%
Bergen
0.6%
Stavanger
0.2%
Trondheim
0.3%
What is the capital of Sweden? Stockholm
92.9%
Gothenburg
0.5%
Uppsala
0.2%
Malmo
0.5%
What is the capital of Finland? Helsinki
92.7%
Espoo
0.4%
Tampere
0.4%
Vantaa
0.4%
What is the capital of Italy? Rome
91.9%
Milan
1.2%
Naples
0.3%
Florence
0.4%
What is the capital of Portugal? Lisbon
91.7%
Porto
1.7%
Braga
0.4%
Coimbra
0.1%
What is the capital of Iceland? Reykjavik
91.7%
Kopavogur
0.9%
Hafnarfjordur
0.8%
Akureyri
0.4%
What is the capital of the Vatican City? Vatican City
91.1%
Don't pick this one
0.6%
Free Question
2%
Very, very small.
0.3%
What is the capital of Romania? Bucharest
91%
Constanța
1.6%
Cluj-Napoca
0.5%
Iași
0.5%
What is the capital of Luxembourg? Luxembourg
90.8%
Dudelange
1.3%
Esch-sur-Alzette
1%
Differdange
0.5%
What is the capital of Austria? Vienna
90.7%
Salzburg
2.4%
Graz
0.2%
Innsbruck
0.6%
What is the capital of Russia? Moscow
90.3%
St. Petersburg
3.6%
Nizhny Novgorod
0.1%
Novosibirsk
0.1%
What is the capital of Ireland? Dublin
89.8%
Belfast
4%
Cork
0.2%
Galway
0.2%
What is the capital of Poland? Warsaw
89.7%
Krakow
3.6%
Wroclaw
0.6%
Gdansk
0.3%
What is the capital of San Marino? San Marino
89.6%
Serravalle
1.8%
Domagnano
1.2%
Borgo Maggiore
0.9%
What is the capital of Belgium? Brussels
89.4%
Antwerp
2.7%
Ghent
0.3%
Bruges
1.5%
What is the capital of Spain? Madrid
89%
Barcelona
4.7%
Seville
0.2%
Valencia
0.1%
What is the capital of Belarus? Minsk
88.5%
Vitebsk
1.6%
Mogilev
1.7%
Gomel
1.5%
What is the capital of Serbia? Belgrade
88.5%
Nis
1%
Kragujevac
2.5%
Novi Sad
1.4%
What is the capital of Germany? Berlin
88.2%
Munich
3.8%
Frankfurt
1.7%
Hamburg
0.5%
What is the capital of Bosnia and Herzegovina? Sarajevo
88.1%
Banja Luka
1.7%
Tuzla
1.6%
Zenica
1.9%
What is the capital of Czechia? Prague
88%
Ostrava
2.7%
Brno
1.6%
Plzen
1.3%
What is the capital of Bulgaria? Sofia
86.9%
Plovdiv
1.2%
Varna
2.2%
Burgas
3.2%
What is the capital of the Netherlands? Amsterdam
85.7%
Utrecht
0.3%
The Hague
6.1%
Rotterdam
1.9%
What is the capital of Andorra? Andorra la Vella
85%
Encamp
2.3%
Escaldes-Engordany
2%
La Massana
3.4%
What is the capital of Latvia? Riga
84.9%
Jurmala
1.9%
Liepaja
4.7%
Daugavpils
1.6%
What is the capital of Slovakia? Bratislava
82.5%
Kosice
2.1%
Presov
5.2%
Zilina
3.1%
What is the capital of Ukraine? Kyiv
82.5%
Donetsk
2.4%
Odessa
7.2%
Kharkiv
1.6%
What is the capital of Lithuania? Vilnius
81.2%
Kaunas
6.2%
Siaulial
2%
Klaipeda
3.3%
What is the capital of Malta? Valletta
78.3%
Zabbar
8.7%
Qormi
2.2%
Zebbug
3%
What is the capital of Slovenia? Ljubljana
77.7%
Maribor
6.9%
Koper
4.5%
Nova Gorica
3.3%
What is the capital of Albania? Tirana
77.1%
Durres
5.7%
Shkoder
3.7%
Vlore
5.5%
What is the capital of Estonia? Tallinn
77.1%
Narva
6.1%
Tartu
6.9%
Kohtla-Jarve
2.4%
What is the capital of Croatia? Zagreb
76.6%
Dubrovnik
10.6%
Split
2.4%
Rijeka
3.8%
What is the capital of Macedonia? Skopje
76.4%
Prilep
4.5%
Kumanovo
7.3%
Bitola
4%
What is the capital of Cyprus? Nicosia
72.8%
Larnaca
5.2%
Limassol
4.7%
Paphos
9.8%
What is the capital of Kosovo? Pristina
71.1%
Gjakove
4.7%
Mitrovica
9.8%
Prizren
6.2%
What is the capital of Monaco? Monaco
71%
Monte Carlo
22.2%
La Condamine
0.3%
Fontvielle
0.3%
What is the capital of Turkey? Ankara
71.1%
Istanbul
22.6%
Izmir
0.2%
Bursa
0.3%
What is the capital of Switzerland? Bern
69.8%
Zurich
14%
Basel
1.7%
Geneva
8.6%
What is the capital of Liechtenstein? Vaduz
66.6%
Schaan
4.1%
Triesen
9.5%
Eschen
11.9%
What is the capital of Montenegro? Podgorica
63.8%
Budva
9.4%
Niksic
10.5%
Herceg-Novi
8%
What is the capital of Moldova? Chisinau
61.1%
Bender
2.7%
Balti
10.6%
Tiraspol
17.4%

You're not logged in!

Compare scores with friends on all Sporcle quizzes.
Sign Up with Email
OR
Log In

You Might Also Like...

Show Comments

Extras

Top Quizzes Today


Score Distribution

Your Account Isn't Verified!

In order to create a playlist on Sporcle, you need to verify the email address you used during registration. Go to your Sporcle Settings to finish the process.